Mirror world. IV., Soumračný obelisk /
V další části sci-fi románu se Oleg vydává na dobrodružnou cestu. Jeho úkolem je najít Zapovězené město. Jenomže cesta nebude vůbec jednoduchá.
Uloženo v:
| Série: | Mirror world,
část 4 |
|---|---|
| Hlavní autor: | |
| Další autoři: | |
| Médium: | E-kniha |
| Jazyk: | Czech |
| Vydáno: |
Ostrava :
Fantom Print,
2023
|
| Vydání: | 1. vydání |
| Témata: | |
| Příbuzné jednotky: | Název anglického překladu::
Twilight obelisk Z cyklu:: Mirror world |
| Tagy: |
Žádné tagy |
| LEADER | 02543nam a2200481 i 4500 | ||
|---|---|---|---|
| 001 | 311987 | ||
| 003 | CZ PrSKC | ||
| 005 | 20260601215715.0 | ||
| 007 | ta | ||
| 008 | 230719s2023 xr g 000 f cze | ||
| 015 | |a cnb003534019 | ||
| 020 | |a 9788075941398 |q (brožováno) | ||
| 035 | |a (OCoLC)1396731281 | ||
| 040 | |a ABG001 |b cze |e rda | ||
| 041 | 1 | |a cze |k eng |h rus | |
| 072 | 7 | |a 821.161.1 |x Ruská literatura, rusky psaná |2 Konspekt | |
| 080 | |a 821.161.1-31 |2 MRF | ||
| 080 | |a (0:82-311.9) |2 MRF | ||
| 100 | 1 | |a Osadčuk, Alexej, |d 1979- |7 xx0273768 |4 aut | |
| 240 | 1 | 0 | |a Sumerečnyj obelisk. |l Česky |
| 245 | 1 | 0 | |a Mirror world. |n IV., |p Soumračný obelisk / |c Alexej Osadčuk ; překlad Jan Benda |
| 246 | 3 | 0 | |a Soumračný obelisk |
| 250 | |a 1. vydání | ||
| 264 | 1 | |a Ostrava : |b Fantom Print, |c 2023 | |
| 300 | |a 351 stran ; |c 21 cm | ||
| 336 | |a text |b txt |2 rdacontent | ||
| 337 | |a bez média |b n |2 rdamedia | ||
| 338 | |a svazek |b nc |2 rdacarrier | ||
| 500 | |a Přeloženo z anglického překladu ruského originálu | ||
| 520 | 2 | |a V další části sci-fi románu se Oleg vydává na dobrodružnou cestu. Jeho úkolem je najít Zapovězené město. Jenomže cesta nebude vůbec jednoduchá. |b Oleg se s hrstkou enpécéček vydává hledat Zapovězené město. Cestou je čeká mnoho zkoušek a strastí. Na začátku svého putování ještě netuší, že se k nim blíží horda nokteánů, která opustila údolí Stříbrné hory. Armáda Temných klanů překročila Černý potok. Světlí pronikli k okraji Ledového lesa. Oleg si uvědomuje, že životy kalteánů, kteří mu důvěřují, lze zachránit jediným způsobem: musí aktivovat Soumračný obelisk. Nakladatelská anotace. | |
| 546 | |a Český text | ||
| 655 | 7 | |a rusky psané romány |7 fd227906 |2 czenas | |
| 655 | 7 | |a vědecko-fantastické romány |7 fd133847 |2 czenas | |
| 655 | 9 | |a fiction in Russian |2 eczenas | |
| 655 | 9 | |a science fiction novels |2 eczenas | |
| 700 | 1 | |a Benda, Jan |7 ola20191051181 |4 trl | |
| 765 | 0 | 8 | |i Název anglického překladu: |t Twilight obelisk |
| 787 | 0 | 8 | |i Z cyklu: |t Mirror world |g 4 |
| 900 | |a ABA001 |b 21 | ||
| 044 | |a xr | ||
| 910 | |a RBIT002 | ||
| 998 | |d 380162 |a https://core.palmknihy.cz/api/books/380162/cover?rxkx3f |b https://core.palmknihy.cz/api/books/380162/cover/400?rxkx3f |c https://core.palmknihy.cz/api/books/380162/cover/50?rxkx3f |e 2026-11-11 |g 352 |i 9788075941398 |j https://core.palmknihy.cz/api/books/380162/preview.epub |l |q 49 |r 1 |s https://www.palmknihy.cz/kniha/380162 |t ebook |y 2023 |z 0 |v Mirror World |w 4 | ||
| 999 | |d 311985 | ||